[Event "34th Cannes Open 2020"]
[Site "Cannes"]
[Date "2020.02.20"]
[Round "6.1"]
[White "Pantzar, Milton"]
[Black "Zeng, Chongsheng"]
[Result "0-1"]
[WhiteElo "2418"]
[BlackElo "2567"]
[Annotator "TA"]
[PlyCount "54"]
[EventDate "2020.02.17"]
[EventType "swiss"]
[EventCountry "FRA"]
[SourceTitle "playchess.com"]
[Source "ChessBase"]
[SourceQuality "1"]

{[%evp 20,54,13,6,12,19,16,0,0,-9,0,0,0,0,0,0,0,0,20,-10,-14,-193,-224,-385,-218,-195,-198,-710,-688,-29993,-847,-794,-537,-29993,-29994,-29996,-29997]} 1. d4 Nf6 2. c4 e6 3. Nf3 d5 4. g3 Bb4+ 5. Bd2 Be7 6. Bg2 O-O 7. O-O Nbd7 8. Qc2 c6 9. b3 b6 10. Rd1 Ba6 11. a4 {[%cal Ba2a4,Ba4a5,Ba5a6][%mdl 32]} c5 {E15: Queen's Indian: 4 g3 sidelines, 4 g3 Ba6 and 4 g3 Bb7 early deviations.} 12. a5 Qc8 13. Nc3 dxc4 {The position is equal.} 14. bxc4 {[#]} cxd4 $5 $146 {[%mdl 8] An interesting novelty.} ({Predecessor:} 14... Bxc4 15. Bg5 b5 16. Ne5 cxd4 17. Nc6 Bc5 18. Bxf6 Nxf6 19. Nxb5 Bxb5 20. Qxc5 Bxc6 21. Bxc6 {½-½ (46) Swiercz,D (2646)-Karjakin,S (2766) Doha 2015}) 15. Nxd4 Bb7 16. Bxb7 Qxb7 17. a6 Qc8 18. Ncb5 Re8 19. Rdc1 Nc5 20. Qa2 $2 {White does not recover from this.} (20. Nf3 $11 {and White is okay.}) 20... e5 $19 21. Nc2 $2 (21. Nf3 Nce4 22. Qc2) 21... Qh3 (21... Nce4 $142 22. Ne3 Bc5) 22. Ne3 {[#]} Nce4 $1 $40 {[%mdl 128] aiming for ...Bc5. White is in trouble.} 23. Nc7 $2 {[#]} (23. Nf1) 23... Bc5 $1 {[%mdl 512]} 24. Nxe8 Rxe8 (24... Bxe3 $142 25. Nxf6+ Nxf6 26. Bxe3 Ng4 27. f4 Qxh2+ 28. Kf1 Nxe3+ 29. Ke1 Rd8 30. fxe5 Qxg3#) 25. Qc2 {[#]} Nxf2 $1 {[%mdl 576] ( -> ...N2g4). Deflection} 26. Kxf2 Qxh2+ 27. Ke1 Qg1+ {[%mdl 64] Double Attack. Accuracy: White = 41%, Black = 70%.} 0-1

[Event "34th Cannes Open 2020"]
[Site "Cannes"]
[Date "2020.02.20"]
[Round "6.2"]
[White "Gukesh D"]
[Black "Degraeve, Remy"]
[Result "1-0"]
[WhiteElo "2542"]
[BlackElo "2292"]
[Annotator "RC"]
[PlyCount "53"]
[EventDate "2020.02.17"]
[EventType "swiss"]
[EventCountry "FRA"]
[SourceTitle "playchess.com"]
[Source "ChessBase"]
[SourceQuality "1"]
[TimeControl "40/5400+30:1800+30"]

1. Nf3 {[%emt 0:00:04]} d5 {[%emt 0:00:00]} 2. g3 {[%emt 0:00:22]} Nf6 {[%emt 0:00:04]} 3. Bg2 {[%emt 0:00:05]} g6 {[%emt 0:00:46]} 4. c4 {[%emt 0:01:05]} Bg7 {[%emt 0:00:19]} 5. cxd5 {[%emt 0:01:29]} Nxd5 {[%emt 0:00:05]} 6. Nc3 {[%emt 0:00:09]} Nb6 {[%emt 0:00:48]} 7. O-O {[%emt 0:03:43]} O-O {[%emt 0:00:16]} 8. d3 {[%emt 0:00:41]} Nc6 {[%emt 0:01:07]} 9. Be3 {[%emt 0:00:23]} e5 {[%emt 0:02:02]} 10. Ne4 {[%emt 0:07:13]} h6 {[%emt 0:06:53]} 11. Rc1 {[%emt 0:02:38]} Nd4 {[%emt 0:04:05]} 12. Nxd4 {[%emt 0:11:31]} exd4 {[%emt 0:02:10]} 13. Bd2 {[%emt 0:00:19]} Rb8 {[%emt 0:09:29]} 14. Nc5 {[%emt 0:05:57]} Nd5 {[%emt 0:04:28]} 15. Qb3 {[%emt 0:03:38]} Ne7 {[%emt 0:01:03]} 16. Qa3 {[%emt 0:15:47]} a5 {[%emt 0:01:18]} 17. Qxa5 {[%emt 0:01:06]} c6 {[%emt 0:07:20]} 18. Qa7 {[%emt 0:05:34]} Bg4 {[%emt 0:01:09]} 19. h3 {[%emt 0:04:19]} Bf5 {[%emt 0:11:57]} 20. Bf4 {[%emt 0:05:24]} Ra8 {[%emt 0:00:19]} 21. Qxb7 {[%emt 0:00:06]} Rxa2 {[%emt 0:01:07]} 22. Bc7 {[%emt 0:04:01]} Qc8 {[%emt 0:02:13]} 23. Bd6 {[%emt 0:00:09]} Qxb7 {[%emt 0:02:06]} 24. Nxb7 {[%emt 0:00:01]} Rxb2 {[%emt 0:02:59]} 25. Bxe7 {[%emt 0:00:15]} Re8 {[%emt 0:00:02]} 26. Bd6 {[%emt 0:00:56]} Rxb7 {[%emt 0:01:50]} 27. Bxc6 {[%emt 0:00:06]} 1-0

[Event "34th Cannes Open 2020"]
[Site "Cannes"]
[Date "2020.02.20"]
[Round "6.3"]
[White "Sadzikowski, Daniel"]
[Black "Joie, Sebastien"]
[Result "1/2-1/2"]
[WhiteElo "2514"]
[BlackElo "2421"]
[Annotator "TA"]
[PlyCount "51"]
[EventDate "2020.02.17"]
[EventType "swiss"]
[EventCountry "FRA"]
[SourceTitle "playchess.com"]
[Source "ChessBase"]
[SourceQuality "1"]

{[%evp 24,51,25,24,31,22,27,26,20,7,13,0,0,0,10,8,8,0,0,0,29,31,27,45,29,0,16,0,35,0]} 1. e4 c6 2. d4 d5 3. exd5 cxd5 4. Bd3 Nc6 5. c3 Nf6 6. Bf4 Bg4 7. Qb3 Qd7 8. Nd2 e6 9. Ngf3 Bxf3 10. Nxf3 Bd6 11. Bxd6 Qxd6 12. O-O O-O 13. Rfe1 Qc7 {B13: Caro-Kann: Exchange Variation and Panov-Botvinnik Attack.} 14. Re2 Rab8 {[#]} 15. Qd1 $146 ({Predecessor:} 15. a4 Rfc8 16. Qa2 Qf4 17. Rb1 a6 18. a5 Qc7 19. Ra1 Nd7 20. h3 Nf8 21. Ree1 {0-1 (36) Stoll,K (1818)-Schuster,G (1997) Ditzingen 2015}) 15... b5 {White has an edge.} 16. a3 Na5 17. Ne5 Nc4 18. Qc2 g6 (18... Rfc8 {with more complications.} 19. Ree1 a5 20. Qe2 Ne8 21. Qc2 Nf6) 19. Rae1 Nxe5 20. dxe5 Nd7 21. Qd2 Rfd8 22. h4 Nc5 23. Bc2 Qe7 24. Qd4 Rbc8 25. g3 a6 26. Kg2 {Accuracy: White = 84%, Black = 84%.} (26. h5 $5) 1/2-1/2

[Event "34th Cannes Open 2020"]
[Site "Cannes"]
[Date "2020.02.20"]
[Round "6.4"]
[White "Siva Mahadevan"]
[Black "Barseghyan, Harutyun"]
[Result "0-1"]
[WhiteElo "2310"]
[BlackElo "2448"]
[Annotator "TA"]
[PlyCount "88"]
[EventDate "2020.02.17"]
[EventType "swiss"]
[EventCountry "FRA"]
[SourceTitle "playchess.com"]
[Source "ChessBase"]
[SourceQuality "1"]

{[%evp 11,88,29,33,22,21,23,27,22,30,29,36,19,45,44,41,0,53,40,40,42,54,53,47,36,41,27,38,22,22,35,43,25,43,47,53,52,76,76,83,51,56,57,62,0,68,0,56,56,52,61,59,46,39,55,120,107,78,-8,-8,-6,-8,-17,-15,-742,-739,-715,-701,-831,-827,-820,-818,-806,-805,-762,-772,-1417,-1380,-6123,-6123]} 1. e4 c5 2. Nf3 e6 3. d4 cxd4 4. Nxd4 Nf6 5. Nc3 Nc6 6. Ndb5 Bc5 7. Nd6+ {B45: Sicilian Four Knights.} Ke7 8. Bf4 e5 9. Nf5+ {White has an edge.} Kf8 10. Bg5 d6 11. Bc4 h6 12. Bxf6 $1 Qxf6 13. O-O g6 (13... Bxf5 $11 14. exf5 Qxf5) 14. Ne3 $14 Kg7 15. Ncd5 Qd8 16. c3 a6 {[#]} 17. b4 $146 ({Predecessor:} 17. Kh1 Rf8 18. Qe2 b5 19. Bd3 b4 20. cxb4 Nxb4 21. Nxb4 Bxb4 22. f4 exf4 23. Rxf4 {0-1 (55) Triapishko,A (2514)-Pridorozhni,A (2599) Sochi 2019}) 17... Ba7 18. Qd2 Be6 19. Rad1 Rc8 20. Bb3 Qh4 21. Qd3 Rhd8 22. Kh1 Qg5 23. g3 Bh3 {[#]} 24. Rg1 $1 Bxe3 25. Nxe3 (25. f4 {feels hotter.} Qg4 26. Qxe3 f5 27. Rd2 fxe4 28. Bd1) 25... Be6 26. Rdf1 Bh3 $1 27. Rd1 Be6 $1 28. Rdf1 Bh3 $1 29. Re1 Be6 30. Bxe6 fxe6 31. Ref1 d5 32. f4 dxe4 (32... Qe7 $14) 33. Qxe4 $16 ({Not} 33. fxg5 Rxd3 34. gxh6+ Kxh6 $17) 33... Qf6 34. g4 ({Much worse is} 34. fxe5 Qxe5 35. Rf4 (35. Qf3 Rf8 $17) 35... Qxe4+ 36. Rxe4 e5 $11) (34. a4 $16 {And now b5 would win.} b5 35. axb5 axb5 36. Ra1 (36. fxe5 Qxe5 37. Rf4 Qxe4+ 38. Rxe4 e5 $11)) 34... exf4 $1 $11 35. Rxf4 Qe5 36. Rgf1 {Threatening mate with Rf7+.} Rf8 37. Qd3 $2 {[%mdl 8192] Loses the game.} (37. Qxe5+ $11 Nxe5 38. Rxf8 Rxf8 39. Rxf8 Kxf8 40. a4) 37... Rxf4 $19 {Black is clearly winning.} 38. Qd7+ {[#]} Kf6 $1 39. g5+ Kxg5 40. Rg1+ Kf6 41. Qxc8 Qxe3 42. Qf8+ {[#]} Ke5 $1 43. Qg7+ Kd5 {( -> ...Qe4+)} 44. c4+ Kxc4 {Accuracy: White = 76%, Black = 88%.} 0-1

[Event "34th Cannes Open 2020"]
[Site "Cannes"]
[Date "2020.02.20"]
[Round "6.5"]
[White "Lizak, Peter"]
[Black "Harshavardhan G B"]
[Result "0-1"]
[WhiteElo "2471"]
[BlackElo "2377"]
[Annotator "TA"]
[PlyCount "78"]
[EventDate "2020.02.17"]
[EventType "swiss"]
[EventCountry "FRA"]
[SourceTitle "playchess.com"]
[Source "ChessBase"]
[SourceQuality "1"]

{[%evp 9,78,8,14,3,12,17,16,20,26,0,78,79,67,71,69,49,52,48,70,58,93,96,108,75,79,73,109,72,90,77,90,103,101,77,92,67,79,91,90,83,94,72,89,86,37,37,60,77,91,0,91,91,78,70,78,45,47,4,95,91,91,97,97,95,94,89,108,-60,0,0,0]} 1. d4 Nf6 2. Bf4 d5 3. e3 c5 4. Nc3 e6 5. Nb5 Na6 $1 6. c3 {D00: 1 d4 d5: Unusual lines.} Be7 7. a4 O-O 8. h4 {[#]} Ne8 $146 ({Predecessor:} 8... Ne4 9. Bd3 Bd7 10. Nf3 f6 11. Qc2 Bc6 12. Nd2 cxd4 13. Nxd4 Bd7 14. Nxe4 dxe4 15. Bxe4 {1-0 (27) Moutousis,K (2389)-Sandalakis,N (2213) Thessaloniki 2017}) 9. Nf3 Nac7 (9... Bd7 $11) 10. Nxc7 $16 Nxc7 11. Bd3 $36 {[%mdl 2048] Keeping Black busy.} Ne8 12. Qb1 f5 13. g4 Bd6 14. Ne5 Bxe5 15. Bxe5 cxd4 16. cxd4 Bd7 17. Ke2 Qb6 18. b4 Nd6 19. gxf5 exf5 20. Qb3 Be6 21. Rhg1 Rf7 22. Rg3 Ne4 23. Bxe4 fxe4 24. Rag1 {[%cal Rg3g7]} g6 25. h5 $1 {[%cal Rh5g6]} Raf8 26. f4 exf3+ 27. Kf2 $1 Rf5 $1 {[%cal Rf5h5]} (27... Qa6 $2 28. b5 $18) 28. hxg6 h5 29. Rg5 (29. g7 $16 Rc8 30. Rg6) 29... Qc6 {[#]} ({Don't go for} 29... Rxg5 $2 30. Rxg5 Rf5 31. Rxf5 $18) (29... Qd8 $11 {remains equal.} 30. Rxf5 Rxf5) 30. b5 $1 {[%cal Rb5c6]} Qd7 ({Wrong is} 30... Qc4 $2 31. Qxc4 dxc4 32. g7 $18) 31. Rxf5 Rxf5 32. Qc3 Rf8 {White should prevent ...Rc8.} 33. Rc1 Qe8 {[#]} (33... Rc8 $11 34. Qxc8+ Qxc8 35. Rxc8+ Bxc8) 34. g7 $1 {[%cal Rg7f8]} Rf7 {and if ...Qd8 works, Black does fine.} 35. Qc5 Re7 36. Rg1 {Threatens to win with Rg5.} Qf7 37. Qd6 ({Much weaker is} 37. Qxa7 $6 Re8 $11) 37... Re8 38. e4 $2 (38. Rg5 $16) 38... Rc8 (38... dxe4 $15 39. d5 Bg4) 39. exd5 $11 Rc2+ {[%mdl 32768] Accuracy: White = 79%, Black = 76%. . Loss on time!?} 0-1

[Event "34th Cannes Open 2020"]
[Site "Cannes"]
[Date "2020.02.20"]
[Round "6.6"]
[White "Fier, Alexandr"]
[Black "Abello, Sebastien"]
[Result "1-0"]
[WhiteElo "2539"]
[BlackElo "2323"]
[Annotator "TA"]
[PlyCount "65"]
[EventDate "2020.02.17"]
[EventType "swiss"]
[EventCountry "FRA"]
[SourceTitle "playchess.com"]
[Source "ChessBase"]
[SourceQuality "1"]

{[%evp 11,65,20,32,29,24,29,38,6,22,0,8,0,0,-12,0,-12,28,8,31,-16,0,0,0,0,60,58,40,32,47,39,35,45,46,43,50,30,105,104,103,101,115,121,177,158,276,276,270,268,535,541,543,523,743,752,787,773]} 1. c4 Nf6 2. Nc3 d5 3. cxd5 Nxd5 4. Nf3 c5 5. e3 Nxc3 6. bxc3 g6 7. h4 {A34: Symmetrical English: 2 Nc3, lines with ...d5.} Bg7 8. h5 Nc6 9. Bc4 {[#] White is slightly better.} Qc7 $146 ({Predecessor:} 9... a6 10. d4 cxd4 11. cxd4 Na5 12. Bd3 Be6 13. Ng5 Bc4 14. h6 Bf6 15. Ne4 O-O 16. Nxf6+ exf6 {1-0 (34) Obodchuk,A (2404)-Vastrukhin,O (2325) Belorechensk 2012}) 10. Qb3 e6 11. Ba3 b6 12. Bb5 Bd7 13. Rb1 Rd8 14. Qa4 Na5 15. Ng5 Bxb5 16. Rxb5 Qd7 $1 {[%cal Rd7d2]} 17. Ne4 Nc6 (17... O-O $11) 18. h6 $36 {[%mdl 2048] White has the initiative.} Be5 {Hoping for ...f5.} 19. d4 $1 {[%cal Rd4e5]} f5 20. Rxc5 $1 bxc5 21. Nxc5 Qc8 {And now ...Bd6 would win.} 22. dxe5 O-O 23. f4 Rd5 (23... Rfe8 $11) 24. c4 $16 {[%cal Bc3c4,Bc4c5,Bc5c6][%mdl 32]} Rdd8 25. Nb3 Rf7 {[#]} 26. Bd6 $1 Qb7 (26... Rb7 $16) 27. O-O $18 Qb6 {[#]} (27... Rc8 $16 {might work better.} 28. Rd1 Qb6) 28. c5 $1 {[%cal Rc5b6]} Qb7 29. Qc4 Qc8 $2 (29... Re8 30. Rb1 Kh8) 30. Nd4 {White is clearly winning.} Re8 31. Qa4 Nxd4 32. exd4 ({Not} 32. Qxd4 Qa6 $16) 32... Rb7 33. c6 {Accuracy: White = 92%, Black = 51%.} 1-0

[Event "34th Cannes Open 2020"]
[Site "Cannes"]
[Date "2020.02.21"]
[Round "7.1"]
[White "Zeng, Chongsheng"]
[Black "Gukesh D"]
[Result "1/2-1/2"]
[WhiteElo "2567"]
[BlackElo "2542"]
[Annotator "TA"]
[PlyCount "85"]
[EventDate "2020.02.17"]
[EventType "swiss"]
[EventCountry "FRA"]
[SourceTitle "playchess.com"]
[Source "ChessBase"]
[SourceQuality "1"]

{[%evp 9,85,12,25,12,14,8,20,12,13,-14,11,-25,0,0,21,0,0,-3,36,-18,44,-33,-19,-35,-9,-19,-2,-10,0,-12,8,0,9,0,0,0,0,0,0,0,0,0,0,0,0,0,0,0,0,0,0,0,0,-7,-8,-8,-26,-23,0,-39,-39,-39,0,-8,0,0,0,0,0,0,0,0,0,0,0,0,0,0]} 1. e4 c5 2. Nf3 Nc6 3. Bb5 g6 4. O-O Bg7 5. Re1 e5 6. a3 {B31: Sicilian: 2...Nc6 3 Bb5 g6.} Nge7 7. b4 d6 8. c3 O-O 9. Bb2 h6 10. Bf1 a6 11. d3 f5 12. exf5 gxf5 13. Nbd2 Be6 14. g3 (14. bxc5 $14 dxc5 15. c4) 14... Qd7 (14... Ng6 $11) 15. Bg2 (15. bxc5 $14 dxc5 16. c4) 15... Rad8 $15 16. Rb1 Ng6 17. c4 cxb4 18. axb4 Nxb4 19. Qb3 Nc6 20. Qb6 d5 21. Nb3 {Hoping for Nc5.} dxc4 22. Nc5 Qf7 23. Nxb7 Rxd3 {...Bd5 is the strong threat.} 24. Nc5 Rd6 {aiming for ...Bd5.} 25. Rbd1 Bd5 {White must now prevent ...Rb8.} 26. Nxe5 Bxe5 27. Bxe5 Ngxe5 {[#]} 28. Rxe5 $1 {[%mdl 512]} Bxg2 (28... Nxe5 29. Qxd6) 29. Rxd6 Nxe5 30. f4 Ng4 31. Kxg2 c3 {( -> ...Qa2+)} 32. Qxa6 c2 33. Nd3 Re8 {And now ...Qh5 would win.} 34. Nc1 (34. h3 $5 {[%cal Rh3g4]} Ne3+ 35. Kf2 $11) 34... Ne3+ 35. Kg1 Ng4 36. Kg2 $1 {The position is equal.} Qh5 37. h3 Ne3+ 38. Kh2 Ng4+ 39. Kg2 Ne3+ 40. Kh2 Re7 41. Re6 Ng4+ ({Don't blunder} 41... Qf3 $2 42. Rg6+ Kf8 43. Qf6+ Ke8 44. Qh8+ Kd7 45. Qd4+ Qd5 46. Qa4+ Kc8 {[#]} 47. Rg8+ $1 {[%mdl 512]} Kb7 48. Qa8+ Kb6 49. Rg6+ {[%mdl 64] Double Attack} (49. Rb8+ Rb7 $11) 49... Kc5 50. Qa5+ Kc4 51. Qa6+ Kb4 52. Rb6+ Kc3 53. Qa3+ {[%mdl 64] Double Attack} (53. Rb3+ Kd2 $11) 53... Kd2 54. Rd6 $18) 42. Kg2 Ne3+ 43. Kh2 {Accuracy: White = 83%, Black = 80%.} 1/2-1/2

[Event "34th Cannes Open 2020"]
[Site "Cannes"]
[Date "2020.02.21"]
[Round "7.2"]
[White "Barseghyan, Harutyun"]
[Black "Harshavardhan G B"]
[Result "1-0"]
[WhiteElo "2448"]
[BlackElo "2377"]
[Annotator "TA"]
[PlyCount "73"]
[EventDate "2020.02.17"]
[EventType "swiss"]
[EventCountry "FRA"]
[SourceTitle "playchess.com"]
[Source "ChessBase"]
[SourceQuality "1"]

{[%evp 15,73,32,33,33,33,31,25,17,37,39,42,37,43,49,80,75,105,95,102,106,119,116,170,170,154,143,232,229,233,241,252,251,230,236,343,339,453,423,512,499,492,455,762,762,761,629,750,730,767,761,1014,1011,1009,1006,1360,1279,29984,29985,29984,29985]} 1. d4 Nf6 2. Nf3 g6 3. c4 Bg7 4. Nc3 O-O 5. Bg5 d6 6. e3 Nbd7 7. Be2 e5 8. dxe5 dxe5 9. O-O {E61: King's Indian: Early deviations for White, including Smyslov System.} h6 10. Bh4 $1 c6 11. Qc2 {White has an edge.} g5 12. Bg3 Nh5 13. Nd2 Nxg3 14. hxg3 f5 {[#]} 15. g4 $1 Nc5 16. b4 Na6 17. a3 e4 18. gxf5 Bxc3 (18... Bxf5 $16 {keeps fighting.} 19. Rad1 Bxc3) 19. Qxc3 $18 {g4 is the strong threat.} Bxf5 20. c5 Nc7 (20... Qe7 $16 21. Bxa6 bxa6 22. Qc4+ Qf7 23. Qxa6 Qd5) 21. Bc4+ Nd5 22. Qe5 Qe8 23. Bxd5+ cxd5 24. Qxd5+ {[%mdl 64] Double Attack} Kh8 (24... Be6 $142 25. Qxe4 (25. Qxb7 Rd8 $16) 25... Qf7) 25. Nc4 Qg6 26. Nd6 h5 27. Qxb7 h4 28. Qd5 Rae8 (28... h3 $142 29. gxh3 Bxh3) 29. Nxe8 Rxe8 30. Qd6 Re6 31. Qd4+ Kh7 32. Rfd1 h3 33. Qd7+ Kh6 34. Rd6 Qf6 35. Rad1 hxg2 36. Rxe6 Bxe6 {[#]} 37. Qxe6 $3 {[%mdl 512] Black did not feel at home in the position after the opening. Accuracy: White = 100%, Black = 29%.} 1-0

[Event "34th Cannes Open 2020"]
[Site "Cannes"]
[Date "2020.02.21"]
[Round "7.3"]
[White "Joie, Sebastien"]
[Black "Fier, Alexandr"]
[Result "0-1"]
[WhiteElo "2421"]
[BlackElo "2539"]
[Annotator "TA"]
[PlyCount "36"]
[EventDate "2020.02.17"]
[EventType "swiss"]
[EventCountry "FRA"]
[SourceTitle "playchess.com"]
[Source "ChessBase"]
[SourceQuality "1"]

{[%evp 15,36,37,39,20,33,-121,-129,-135,-123,-129,-145,-155,-146,-152,-133,-233,-229,-229,-223,-219,-218,-325,-218]} 1. Nf3 Nf6 2. c4 g6 3. Nc3 Bg7 4. e4 O-O 5. d4 d6 6. Be2 Nbd7 7. Be3 e5 8. d5 Ng4 9. Bd2 {E93: King's Indian: Classical: Petrosian System with 7...Nbd7.} f5 $1 {9...f5 scores better than 9...a5.} 10. h3 $2 {[#]} (10. exf5 $14 {keeps the upper hand.} gxf5 11. Ng5) 10... Nxf2 $1 $17 {[%mdl 512]} 11. Kxf2 {Black is better.} fxe4 12. Nxe4 {Threatens to win with Kg1.} Qh4+ $1 {[%mdl 64] Double Attack} 13. Kg1 Qxe4 14. Kh2 Nc5 {[#]} 15. b4 $146 (15. Rf1 $17 {was necessary.}) ({Predecessor:} 15. Ng5 Qd4 16. Rf1 Qxb2 17. Rxf8+ Bxf8 18. Qf1 Bf5 19. Be3 Bh6 20. Bf3 e4 21. Bg4 Rf8 22. Rb1 Qe5+ 23. Bf4 Qe7 24. Bxf5 Bxg5 25. Bxg5 Qxg5 {0-1 (25) Slavin,P (1260)-Bennett,H (2008) LSS email 2008}) 15... Nd3 $19 16. Ng5 {[#]} Qd4 $1 17. Bxd3 Qxd3 18. Rc1 (18. Rf1 $142) 18... Rf2 {White got outplayed after the opening. Accuracy: White = 46%, Black = 86%.} 0-1

[Event "34th Cannes Open 2020"]
[Site "Cannes"]
[Date "2020.02.21"]
[Round "7.4"]
[White "Di Nicolantonio, Lucas"]
[Black "Sadzikowski, Daniel"]
[Result "1-0"]
[WhiteElo "2417"]
[BlackElo "2514"]
[Annotator "TA"]
[PlyCount "103"]
[EventDate "2020.02.17"]
[EventType "swiss"]
[EventCountry "FRA"]
[SourceTitle "playchess.com"]
[Source "ChessBase"]
[SourceQuality "1"]

{[%evp 11,103,0,0,0,9,15,22,2,0,0,30,25,31,29,26,29,33,34,57,42,43,40,35,34,42,39,111,41,53,48,137,134,360,352,398,377,377,370,370,370,370,370,369,369,369,369,783,787,755,745,741,728,771,740,823,677,966,960,12830,12823,12827,6471,1843,980,1000,999,991,978,967,947,942,927,12836,12836,12835,12835,12841,1337,12839,12839,12844,12839,12844,12843,12845,12845,12845,12845,12847,12845,12845,12846,12846,12845]} 1. e4 c6 2. c4 d5 3. exd5 cxd5 4. cxd5 Nf6 5. Nc3 Nxd5 6. Nf3 e6 7. d4 {B10: Caro-Kann: 2 d3 and 2 c4.} Nxc3 {outshines the older 7...Be7. Played by Anish Giri in December 2019.} 8. bxc3 Qc7 9. Bd2 {The position is equal.} Nd7 10. Bd3 Be7 11. O-O O-O 12. Qe2 {[#]} g6 $146 ({Predecessor:} 12... Nf6 13. Ne5 b6 14. Rfe1 Bb7 15. Qe3 Rfd8 16. Qh3 b5 17. Ng4 b4 18. Nxf6+ Bxf6 19. Qxh7+ {1-0 (50) Alle,A (2227)-Johansson,C (2154) Sweden 2015}) 13. h4 b6 14. h5 Bb7 15. hxg6 hxg6 16. Qe3 $36 {[%mdl 2048] White has the initiative.} Bxf3 17. Qxf3 Kg7 18. g3 e5 (18... Nf6 $14) 19. Rfe1 (19. Kg2 $16) 19... Bf6 20. Bb5 exd4 ({Black should try} 20... Rad8 $14) 21. cxd4 $16 {Strongly threatening Rac1.} Bxd4 $2 {A mistake that costs the game.} (21... Qd8 $16 {was worth a try.} 22. Bf4 Rc8) 22. Rac1 $18 Qd8 23. Rcd1 ({Weaker is} 23. Qf4 Nc5 $11) 23... Ne5 {[#]} 24. Rxe5 $1 {[%mdl 512]} Bxe5 {[#]} 25. Bh6+ $1 {[%mdl 576] Skewer, Discovered Attack} Kxh6 26. Rxd8 Rfxd8 27. Qe3+ {[%mdl 64] Double Attack} Kh7 28. Qxe5 Rac8 $2 (28... a6 29. Bc4 Ra7) 29. Qe7 {White is clearly winning.} Kg7 30. Qxa7 Rd6 31. a4 Rc1+ 32. Kg2 Rc2 33. Qe7 Rf6 34. Qe3 Rc5 35. Qd4 Rc2 36. g4 g5 37. Bd3 Rcc6 38. Bf5 Kf8 39. Qe3 Rc4 40. Qxg5 Rd6 41. Qh4 Rdd4 42. Qh6+ Ke7 43. Qxb6 Rxa4 44. f3 Rab4 45. Qc5+ Kf6 46. Be4 Kg7 47. Qe5+ Kg8 {[#]} 48. Bd5 $1 {White threatens Qe8+ and mate.} Kf8 49. Kg3 Ra4 50. Qb8+ Kg7 {[#]} 51. Qb7 $1 Rf4 52. Be4 {Accuracy: White = 86%, Black = 57%.} 1-0

[Event "34th Cannes Open 2020"]
[Site "Cannes"]
[Date "2020.02.21"]
[Round "7.5"]
[White "Lamard, Guillaume"]
[Black "Godena, Michele"]
[Result "1-0"]
[WhiteElo "2472"]
[BlackElo "2440"]
[Annotator "TA"]
[PlyCount "99"]
[EventDate "2020.02.17"]
[EventType "swiss"]
[EventCountry "FRA"]
[SourceTitle "playchess.com"]
[Source "ChessBase"]
[SourceQuality "1"]

{[%evp 14,99,26,12,18,15,17,22,16,13,28,0,12,0,56,27,20,18,20,27,16,24,43,40,56,39,62,45,30,0,48,41,60,64,79,70,72,68,72,64,68,75,114,110,136,140,152,79,109,101,137,129,137,121,129,118,180,126,130,125,75,34,414,383,402,90,301,20,196,196,191,141,374,359,399,388,647,646,643,640,640,614,724,761,741,606,735,760]} 1. e4 e5 2. Nf3 Nc6 3. Bc4 Bc5 4. c3 Nf6 5. d3 d6 6. O-O h6 7. Re1 O-O 8. h3 Bb6 {C54: Giuoco Piano: 4 c3 Nf6, main lines with 5 d4 and 5 d3.} 9. a4 a5 10. Nbd2 {[%cal Bb1d2,Bd2c4,Bc4e3,Be3f5,Bf5g3][%mdl 32]} Ne7 {The position is equal.} 11. Bb3 Ng6 12. d4 c6 13. Bc2 {[#]} Nh7 $146 (13... Re8 $11) ({Predecessor:} 13... Re8 14. Nc4 Bc7 15. Be3 Be6 16. Ncd2 Qe7 17. Nf1 Rad8 18. Ng3 d5 19. exd5 Nxd5 20. Bxg6 fxg6 {0-1 (50) Caruana,F (2822)-Mamedyarov,S (2772) Bucharest 2019}) 14. Nc4 {[%cal Rd4e5]} Bc7 15. Ne3 Re8 16. Nf5 Nf6 17. Ng3 Bd7 18. Be3 d5 19. exd5 exd4 20. Qxd4 {d6 is the strong threat.} cxd5 21. Rad1 Bxg3 22. fxg3 Nf8 23. Ne5 Qc7 24. Nxd7 N8xd7 25. g4 Ra6 26. Bf4 $36 {[%mdl 2048] White is pushing.} Rxe1+ 27. Rxe1 Qb6 28. Bd3 Qxd4+ 29. cxd4 Rc6 30. Re2 (30. Bb5 $142 $1 {[%cal Rb5c6]} Re6 31. Rc1) 30... Nf8 31. Bb5 Rc8 32. Re7 $1 Ne6 33. Be5 $1 Rc1+ 34. Kh2 Ne4 (34... Rc2 $16) 35. Rxb7 (35. Bd7 $18) 35... f6 36. Bd7 N4g5 37. Rb8+ Kf7 $2 {[%mdl 8192]} (37... Kh7 $14) 38. Bd6 $18 {Be8+ would kill now.} Nxd4 39. Rf8+ Kg6 40. Bf4 $2 (40. h4 $1 $18) 40... Rc4 $2 {[#]} (40... Rc2 $11 {and Black stays safe.} 41. Be3 Rxb2) 41. Be3 $1 {[%cal Re3d4] And now Bxd4 would win.} Nde6 42. Ra8 Re4 $2 {[#]} (42... Kf7 $16 {keeps fighting.}) 43. Bxg5 $1 Kxg5 44. Rxa5 {[%mdl 4096] Endgame KRB-KRN} Nf4 $2 {[#]} (44... Kf4 45. Rxd5 Nc7) 45. h4+ $1 {[%mdl 576] Decoy. White is clearly winning.} Kxh4 {White must now prevent ...Re2!} 46. g3+ {[%mdl 64] Double Attack} Kg5 {intending ...Re2+.} 47. gxf4+ Kxf4 48. Rxd5 Re2+ 49. Kg1 Rxb2 50. a5 {Accuracy: White = 76%, Black = 59%.} 1-0